American Birds by Picture #3 - Statistics

General Stats
  • This quiz has been taken 70 times
  • The average score is 7 of 12
Answer Stats
Picture Answer % Correct
Great Horned Owl
98%
Golden Eagle
94%
Mourning Dove
94%
Red Winged Blackbird
85%
Common Loon
70%
Song Thrush
54%
Northern Flicker
50%
American Avocet
37%
Grouse
37%
American Dipper
28%
Nene
22%
White Capped Redstart
13%
No matching quizzes found
Score Distribution
Percent of People with Each Score
Percentile by Number Answered
Your Score History
You have not taken this quiz